000 00593nam a22001937a 4500
005 20170816144526.0
010 _aENG-119818
020 _a9788189941499
_c160.00
035 _aEN-103350
037 _bDBAD/PUB
082 _a630
100 _aKumaresan, V.
245 _aHorticulture /
_c by V.Kumaresan
260 _aKanyakumari Dist.
_bSaras Publication
_c2009
270 _a114/35G A.R.P. Camp Road, Periavilai,Kottar P.O., Nagercoil
_bKanyakumari Dist.
_e629002
300 _ax,351p.:
_c22cm(pbk)
_b ill.
500 _a Includes index
942 _2ddc
_cEN
_h630
_mKUM
999 _c143414
_d143414